000 01366nam a2200265Ia 4500
003 OSt
005 20220930094813.0
006 a|||||r|||| 00| 0
007 ta
008 220926b |||||||| |||| 00| 0 hin d
024 _a19657
037 _cTheses
040 _aCRL
_cCRL
_bhin
041 _2hin
_ahin
100 _aकौशिक, अर्चना
110 _aदिल्ली विश्वविद्यालय. कला संकाय. संस्कृत विभाग
_9556330
245 0 _aकैंसर रोग तथा विविध अवस्थाओं में उसके निदान का योग और आयु
_b प्रमुख फलित ग्रन्थों के संदर्भ में
246 _aKaiansar rog tathā vividh avasthāoan mean usake nidān kā yog aur āyu: pramukh falit granthoan ke sandarbha mean
260 _c2013
650 _aसंस्कृत साहित्य
700 _a प्रो. गिरीशचन्द पन्त, गा.
700 _aदिल्ली विश्वविद्यालय. कला संकाय. संस्कृत विभाग
_9556331
942 _cDIS
_2CC
999 _c887705
_d887705